A way of looking at things : selected papers from 1930 to 1980

Αποθηκεύτηκε σε:
Λεπτομέρειες βιβλιογραφικής εγγραφής
Κύριος συγγραφέας: Erikson, Erik H. (Erik Homburger) 1902-
Άλλοι συγγραφείς: Schlein, Stephen (Επιμελητής έκδοσης)
Μορφή: Βιβλίο
Γλώσσα:English
Δημοσίευση: New York : W.W.Norton & Company, 1995
Θέματα:
Ετικέτες: Προσθήκη ετικέτας
Δεν υπάρχουν, Καταχωρήστε ετικέτα πρώτοι!

MARC

LEADER 00000nam a2200000 i 4500
001 1/78717
008 990430s1995 eng d
020 |a 0-393-31314-X 
035 |l 10050217 
040 |a GR-MY-UA  |b gre  |e aacr 
041 0 |a eng 
082 0 |a 150.195 
100 1 |a Erikson, Erik H.  |q (Erik Homburger)  |d 1902- 
245 1 2 |a A way of looking at things :  |b selected papers from 1930 to 1980 /  |c Erik H. Erikson ; edited by Stephen Schlein 
260 |a New York :   |b W.W.Norton & Company,   |c 1995 
300 |a 782 p. 
650 0 0 |a Psychoanalysis. 
650 0 0 |a Imagination in children. 
700 1 |a Schlein, Stephen.  |4 edt 
852 |a INST  |b RHODES  |e 19990430  |h 150.195 ERI  |p 005400011702  |q 005400011702  |t BK  |y 0 
901 |a BIBL-1999-1 
909 |a Ρ  |b 064712  |c 1999 
922 |a 4ΕΛΗ  |b 199903